Stabilizace polyolefinů /

Na minha lista:
Detalhes bibliográficos
Main Authors: Jan, Jiří (Author), Pospíšil, Jan (Author), Holčík, Jan (Author)
Formato: Livro
Idioma:tcheco
Publicado em: Praha : Academia, 1985
Assuntos:
Tags: Adicionar Tag
Sem tags, seja o primeiro a adicionar uma tag!

MARC

LEADER 00000nam a22000003a 4500
001 stu40705
005 20150617225722.7
008 930525s1985----cs------------------cze-d
040 |a STU  |b slo 
041 0 |a cze 
044 |a cs 
080 |a 541.6 
100 1 |a Jan, Jiří  |4 aut 
245 1 |a Stabilizace polyolefinů /  |c [aut.]Jan Pospíšil, Jiří Jan, Jan Holčík 
260 |a Praha :  |b Academia,  |c 1985 
300 |a 105 s 
650 7 |a chémia makromolekulárna  |2 stusub 
650 7 |a štúdie  |2 stusub 
650 7 |a Polyolefíny  |2 stusub 
700 1 |a Pospíšil, Jan  |4 aut 
700 1 |a Holčík, Jan  |4 aut 
996 |b 284M035596  |c M*2073-1  |l MMKN  |s A  |a 24  |w stu40705_0001